000 00936nam a22003377a 4500
001 BR2014007697
003 BR-BrBNA
005 20230928104546.0
007 ta
008 230509b bl.||||| |||| 00| 0 por d
040 _aBR-BrBNA
_bpor
_cBiblioteca Nacional de Agricultura
041 _a(Por)
072 _aE40
090 _ E40 BR2014007697
100 1 _aVasconcelos, J.N.M.
100 1 _aLourenço, J.P.L.
100 1 _aChaves, A.D.M.F.
110 1 _aFaculdade de Tecnologia CENTEC Sobral, CE (Brasil). Inst. Centro de Ensino Tecnológico
_94511
245 1 _aProjeto cooperativa apícola em Região de Caatinga
260 3 _aSobral, CE (Brasil):
_c2007.
300 _a16 p.
500 _a6 tables
650 _aCOOPERATIVA
650 _aPROJETO DE DESENVOLVIMENTO
650 _aMERCADO
650 _aCUSTO
650 _aSOBRAL
650 _aCEARA
909 _a202309
_bLucia
_c55
_dLucia Elande
942 _cBK
999 _c80564
_d80564